000 00594nam a2200145 i 4500
001 102151
003 ES-MaACL
007 t|
008 051104s1914 sp ||||1| spa d
110 2 _aConsejo Provincial de Fomento (Barcelona)
_93227
245 1 0 _aMemoria resumen de los trabajos realizados por el servicio agronómico nacional para la extinción de las plagas presentadas en la provincia en 1913 /
_cConsejo Provincial de Fomento de Barcelona. Sección de plagas del campo.
260 _aBarcelona :
_b[s.n.],
_c1914 (
_fOliva)
300 _a255 p. ;
_c25 cm.
852 _aES-MaACL
_jB-4974
999 _c102151
_d102151